| 000 | 00931nam a2200277 i 4500 | ||
|---|---|---|---|
| 001 | 000026639 | ||
| 003 | DO-SdBNP | ||
| 005 | 20231012093746.0 | ||
| 007 | ta | ||
| 008 | 110324s19uu dr 000 0 spa d | ||
| 040 |
_aDO-SdBNP _bspa _cBNPHU _erda |
||
| 082 | 4 |
_bA581d _222 |
|
| 100 | 1 |
_aÁngeles Fernández, Ramón Benito, _d1949- _919520 _eautor |
|
| 245 | 1 | 0 |
_aDimensión ética de la vocación cristiana / _cRamón Benito Ángeles Fernández ; prólogo, Juan Antonio Flores. |
| 260 |
_aSanto Domingo : _bSusaeta, _c[199?]. |
||
| 264 |
_aSanto Domingo : _bSusaeta, _cfecha no identificada. |
||
| 300 |
_a100 páginas ; _c20 cm. |
||
| 336 |
_2rdacontent _atexto _btxt |
||
| 337 |
_2rdamedia _asin mediación _bn |
||
| 338 |
_2rdacarrier _avolumen _bnc |
||
| 504 | _aBibliografía : p. 94-98 | ||
| 590 | _aInventariado, 2023/BT | ||
| 700 | 1 |
_aFlores, Juan Antonio, _eprólogo _953759 |
|
| 910 | _aBtavárez | ||
| 942 |
_2ddc _cLBS1 |
||
| 999 |
_c26131 _d26131 |
||